000 00751nam a2200229Ia 4500
003 OSt
005 20220923222002.0
006 a|||||r|||| 00| 0
007 ta
008 220922b |||||||| |||| 00| 0 hin d
024 _a201,481
037 _cTextual
040 _aARTS
_cARTS
_bhin
041 _2hin
_ahin
082 _aV2:71.C, 152L7-;3
100 _aसहाय, शिव स्वरूप
245 0 _aभारतीय पुरातत्व के पृष्ट
246 _aBhāratīya purātatva ke pṛuṣhṭa
260 _aवाराणसी
_b शिवा प्रका0
_c1977
942 _hV2:71.C, 152L7-;3
_cTEXL
_2CC
999 _c353134
_d353134